000 00741nam a22001337a 4500
040 _cRUA
082 _aAGR NAK 2009 B040 Or.1
100 _aNAK, PUTHEA.
245 _aThe effect of different color netting on cauliflower production in kien svay district kandal province ប្រសិទ្ធភាពនៃការប្រើប្រាស់ព៌ណសំណាញ់ខុសៗគ្នាសំរាប់គ្រប់ដំណាំខាត់ណាផ្កា នៅស្រុកគៀនស្វាយ ខេត្តកណ្ដាល
260 _aPhnom Penh
_bRUA
_c2009
300 _axii; 41p.
_bill.
_c29cm.
856 _uhttps://drive.google.com/file/d/1PB9H7gO7y5KZBaK-9xZqTLoAG_-3wZn7/view?usp=sharing
942 _cAGR
999 _c948
_d948